Catálogo

NUEVE SERMONES GUADALUPANOS (1661-1758) (Registro nro. 55960)

Detalles MARC
000 -LEADER
fixed length control field 01083nam a2200217 a 4500
001 - CONTROL NUMBER
control field 55960
005 - DATE AND TIME OF LATEST TRANSACTION
control field 20180714051508.0
008 - FIXED-LENGTH DATA ELEMENTS--GENERAL INFORMATION
fixed length control field 140415s2005 mx 000 0 spa d
020 ## - INTERNATIONAL STANDARD BOOK NUMBER
International Standard Book Number 9686815279
041 ## - LANGUAGE CODE
Language code of text/sound track or separate title spa
082 ## - DEWEY DECIMAL CLASSIFICATION NUMBER
Classification number 232.917
Item number RAM
245 00 - TITLE STATEMENT
Title NUEVE SERMONES GUADALUPANOS (1661-1758)
250 ## - EDITION STATEMENT
Edition statement 1a ed.
260 ## - PUBLICATION, DISTRIBUTION, ETC.
Place of publication, distribution, etc. MEXICO :
Name of publisher, distributor, etc. CENTRO DE ESTUDIOS DE HISTORIA DE MEXICO CONDUMEX,
Date of publication, distribution, etc. 2005
300 ## - PHYSICAL DESCRIPTION
Extent 532
Dimensions 17.6 x 2.6 x 25.5
500 ## - GENERAL NOTE
General note EL AUTOR DADO DE ALTA ES DIRECTOR DEL TEXTO
520 ## - SUMMARY, ETC.
Summary, etc. EL ACRECENTADOR CRIOLLISMO EN MEXICO SE MUESTRAN MEDIANTE LOS NUEVOS SERMONES GUADALUPANOS (1662-1759), QUE SE IMPRIMEN EN EDICION FACSIMILAR PARA EL ALCANCE DEL PUBLICO. LOS SERMONES VIRREINALES DIFUNDIAN LA INQUIETUDES Y EL PENSAMIENTO DEL MOMENTO; ESTOS DEMUESTRAN LA CONVIVVION DEL CLERO NVOHISPANO DE FORMULAR UNA IDENTIDAD PROPIA AL AMPARO DE UNA ADVOCACION TIPICAMENTE MEXICANA COMO LA GUADALUPANA.
650 14 - SUBJECT ADDED ENTRY--TOPICAL TERM
Topical term or geographic name entry element MILAGROS
General subdivision VIRGEN
-- VIRGEN
-- CULTO
-- HISTORIA
700 1# - ADDED ENTRY--PERSONAL NAME
Personal name GARCIA AYLUARDO, CLARA
Relator term tr.
700 1# - ADDED ENTRY--PERSONAL NAME
Personal name Ramos Medina, Manuel,
Relator term coaut.
Existencias
Withdrawn status Lost status Source of classification or shelving scheme Damaged status Not for loan Collection code Home library Current library Shelving location Date acquired Source of acquisition Inventory number Total Checkouts Full call number Barcode Date last seen Date last checked out Price effective from Koha item type
    Dewey Decimal Classification     General Biblioteca Karol Wojtyla Biblioteca Karol Wojtyla Sala general 03/12/2013 Compra 151000000000000000056675   232.917 RAM 84109 05/01/2026 19/11/2016 03/12/2013 Libro